000
00328nam a2200109Ia 4500
008
171211s9999 xx 000 0 und d
245
_a
Krav Magá: sua defesa pessoal contra a vtolênsia urbana
245
_c
Kobi Lichtenstein
260
_c
1993
650
_x
Martial Arts
856
_u
http://down.ebook777.com/057/8585269243.pdf
999
_c
348194
_d
348194